A Song of Ice and Fire Nickname Match Quiz Stats

 Plays Quiz Updated Feb 15, 2019

Support Sporcle.
Go Orange.
Score 0/45 Timer 07:00
0 Plays Today
% Correct
Jaime Lannister
90.9%
Tyrion Lannister
90.7%
Petyr Baelish
90.4%
Melisandre of Asshai
88.5%
Robb Stark
88.4%
Loras Tyrell
87%
Mance Rayder
87%
Daenerys Targaryen
86.2%
Sandor Clegane
86.1%
Gregor Clegane
85.4%
Davos Seaworth
85.1%
Catelyn Stark
81.9%
Jeor Mormont
81.7%
Oberyn Martell
79.2%
Brynden Tully
77.3%
Viserys Targaryen
77.3%
Jon Umber
76.8%
Eddison Tollett
76.6%
Brienne Tarth
76.2%
Olenna Redwyne
74.6%
Barristan Selmy
72.8%
Beric Dondarrion
70.5%
Rattleshirt
67.6%
% Correct
Roose Bolton
66.7%
Aemon Targaryen
66%
Amerei Frey
65.5%
Arthur Dayne
65.3%
Samwell Tarly
65.2%
Walder Frey
64.7%
Aeron Greyjoy
64.5%
Euron Greyjoy
61.8%
Gerold Dayne
50.7%
Tormund Giantsbane
49%
Skahaz mo Kandaq
48.4%
Garlan Tyrell
47.8%
Garth Tyrell
42.1%
Brynden Rivers
40%
Daemon Sand
38.2%
Rodrik Harlaw
37.5%
Hother Umber
36.4%
Aegor Rivers
32.6%
Ser Shadrich
30.2%
Lothor Brune
26.3%
Jacelyn Bywater
26%
Baelor Hightower
25.2%

You're not logged in!

Compare scores with friends on all Sporcle quizzes.
OR
Log In
Forgot?

From the Vault

Same Named Celebrities by Picture V

by qlh27

Some of these celebs might be long lost cousins. Others definitely are not.
Remove Ads.
Support Sporcle.
Get the best of Sporcle when you Go Orange. This ad-free experience offers more features, more stats, and more fun while also helping to support Sporcle. Thank you for becoming a member.

Show Comments

Extras

Top Quizzes Today


Score Distribution

Your Account Isn't Verified!

In order to create a playlist on Sporcle, you need to verify the email address you used during registration. Go to your Sporcle Settings to finish the process.

Report this User

Report this user for behavior that violates our Community Guidelines.

Details: